| 000 | 00502nam a2200193Ia 4500 | ||
|---|---|---|---|
| 999 |
_c14837 _d14837 |
||
| 003 | OSt | ||
| 005 | 20201103130858.0 | ||
| 008 | 190216s9999||||xx |||||||||||||| ||und|| | ||
| 020 | _a780857865533 | ||
| 040 | _coclc | ||
| 082 |
_a813.54 _bMAR/L |
||
| 100 |
_aMartel, Yann _96235 |
||
| 245 | 0 |
_aLife Of Pi / _cYann Martel |
|
| 250 | _a3rd ed | ||
| 260 |
_bCanongate, _c2012. _aCanada: |
||
| 300 | _a319p | ||
| 650 | _aEnglish | ||
| 942 |
_cBK _2ddc _h813.54 _iMAR/L _k813.54 _mMAR/L |
||